000 00406cam a2200157ua 4500
020 _c135.00
041 _aeng
_h
082 _a692.5
_bDUT/ES
100 _aDutta, B N .
245 _aEstimating and costing in civil engineering: Theory and pracitce /
_cB N Dutta.
250 _a10 /
_b.
260 _aKolkatha :
_bUBS Publishers Distributors ,
_c1993.
300 _a904 ; .
504 _a
942 _cBK
999 _c7066
_d7066